Where will the animals stay? / (Record no. 111935)
[ view plain ]
| 000 -LEADER | |
|---|---|
| fixed length control field | 00685nam a2200205 a 4500 |
| 001 - CONTROL NUMBER | |
| control field | 3776 |
| 005 - DATE AND TIME OF LATEST TRANSACTION | |
| control field | 20140414131925.0 |
| 008 - FIXED-LENGTH DATA ELEMENTS--GENERAL INFORMATION | |
| fixed length control field | 061012s19uu xx 00 eng d |
| 020 ## - INTERNATIONAL STANDARD BOOK NUMBER | |
| International Standard Book Number | 0-8193-1119-7 |
| 050 ## - LIBRARY OF CONGRESS CALL NUMBER | |
| Classification number | ER |
| Item number | W56 1983 |
| 100 ## - MAIN ENTRY--PERSONAL NAME | |
| Personal name | Calmenson, Stephanie |
| 245 ## - TITLE STATEMENT | |
| Title | Where will the animals stay? / |
| Statement of responsibility, etc | by Stephanie Calmenson ; pictures by Ellen Appleby. |
| 260 ## - PUBLICATION, DISTRIBUTION, ETC. (IMPRINT) | |
| Place of publication, distribution, etc | New York : |
| Name of publisher, distributor, etc | Parents Magazine Press, |
| Date of publication, distribution, etc | 1983. |
| 300 ## - PHYSICAL DESCRIPTION | |
| Extent | 1 v. p. : ill. ; cm. |
| 520 ## - SUMMARY, ETC. | |
| Summary, etc | Zoo animals needing a place to stay temporarily are offered an apartment house. |
| 650 ## - SUBJECT ADDED ENTRY--TOPICAL TERM | |
| Topical term or geographic name as entry element | Zoo animals |
| General subdivision | Fiction. |
| 650 ## - SUBJECT ADDED ENTRY--TOPICAL TERM | |
| Topical term or geographic name as entry element | Apartment houses |
| General subdivision | Fiction. |
| 650 ## - SUBJECT ADDED ENTRY--TOPICAL TERM | |
| Topical term or geographic name as entry element | Stories in rhyme. |
| Withdrawn status | Lost status | Damaged status | Use restrictions | Home library | Current library | Shelving location | Date acquired | Source of acquisition | Total Checkouts | Full call number | Barcode | Date last seen | Price effective from | Koha item type |
|---|---|---|---|---|---|---|---|---|---|---|---|---|---|---|
| Munich Library | Munich Library | Easy Reading Section | 10/12/2006 | ER W56 1983 | M2902 | 04/14/2014 | 04/14/2014 | Books |